Tokujin yoshioka design / (Record no. 353006)

000 -LEADER
fixed length control field 03520 a2200325 4500
003 - CONTROL NUMBER IDENTIFIER
control field OSt
005 - DATE AND TIME OF LATEST TRANSACTION
control field 20180116192353.0
008 - FIXED-LENGTH DATA ELEMENTS--GENERAL INFORMATION
fixed length control field 120601t xxu||||| |||| 00| 0 eng d
020 ## - INTERNATIONAL STANDARD BOOK NUMBER
International Standard Book Number 9780714843971 (hardcover)
020 ## - INTERNATIONAL STANDARD BOOK NUMBER
International Standard Book Number 9780714843971 (hardcover)
040 ## - CATALOGING SOURCE
Transcribing agency 0
082 04 - DEWEY DECIMAL CLASSIFICATION NUMBER
Classification number 745.2092
100 1# - MAIN ENTRY--PERSONAL NAME
Personal name Niimi, Ryu.
9 (RLIN) 3715
245 10 - TITLE STATEMENT
Title Tokujin yoshioka design /
Statement of responsibility, etc. Ryu Niimi, Issey Miyake, Ross Lovegrove, Kozo Fujimoto, Ingo Maurer, Paola Antonelli, Elisa Astori.
260 ## - PUBLICATION, DISTRIBUTION, ETC.
Place of publication, distribution, etc. London :
Name of publisher, distributor, etc. Phaidon Press,
Date of publication, distribution, etc. 2006.
300 ## - PHYSICAL DESCRIPTION
Extent 208 p. :
Other physical details ill. ;
Dimensions 30 cm.
520 ## - SUMMARY, ETC.
Summary, etc. Tokujin Yoshioka was born in Japan in 1967. He is one of the most important Japanese designers working today, and despite his age he has already worked in collaboration with renowned individuals such as Issey Miyake and Ross Lovegrove. Famed for his technically excellent work and superb appreciation of light as a design material, he uses fibre optics, stunning light installations and reflective-transparent materials in a way that leaves the observer with the impression that the future has arrived. One of his most famous projects so far is the design for the Issey Miyake shop in Tokyo, which was realized with transparent glass and acrylic furniture. His grand-scale style of design has recently brought him recognition on the international stage, and he has won a host of accolades, including the Award of Excellence from the I.D. Annual Design Review for two years running (2000 - 2001). Showing particular interest in new materials and technologies, his work ranges from the amazing Honey Pop chair, which is constructed solely through honeycomb sheets of paper, to a form of architecture based on an appropriating and painstaking act of relocation. His installations, such as that commissioned for the Tokyo Robot Meme exhibition, or the A-POC show at the Vitra Design Museum in Berlin, display an acutely-developed and playful aesthetic with a futuristic touch. Other projects include his feat of arranging specially-designed glass lenses to create the optical illusion called the Roppongi Think Zone - a reflective, cubic building erected on a Tokyo high street - which floats a few inches from the ground. At present he is working on a new furniture collection for Driade. This book will present his entire body of work through beautiful and abstract photographs showing Yoshioka's finished designs, accompanied by sketches, drawings and snapshot images showing the processes at work behind his designs to help to explain his complex technological approach. There will be an introduction by Issey Miyake and a main survey of Yoshioka's work to date by the writer, curator and critic, Nyu Niimi. This will be followed by four chapters, on Light, Transparency, Motion and Material, each beginning with an essay and looking at key Yoshioka designs in more detail. Essays are contributed by four key designers or clients, Ross Lovegrove, Ingo Maurer, Kozo Fujimoto and Paola Antonelli.
600 10 - SUBJECT ADDED ENTRY--PERSONAL NAME
Personal name Yoshioka, Tokujin,
Dates associated with a name 1967-
9 (RLIN) 3716
650 10 - SUBJECT ADDED ENTRY--TOPICAL TERM
Topical term or geographic name entry element Design
9 (RLIN) 3717
650 10 - SUBJECT ADDED ENTRY--TOPICAL TERM
Topical term or geographic name entry element Industrial design
9 (RLIN) 3718
700 1# - ADDED ENTRY--PERSONAL NAME
Personal name Miyake, Issey.
9 (RLIN) 3719
700 1# - ADDED ENTRY--PERSONAL NAME
Personal name Lovegrove, Ross.
9 (RLIN) 3720
700 1# - ADDED ENTRY--PERSONAL NAME
Personal name Fujimoto, Kozo.
9 (RLIN) 3721
700 1# - ADDED ENTRY--PERSONAL NAME
Personal name Maurer, Ingo.
9 (RLIN) 3722
700 1# - ADDED ENTRY--PERSONAL NAME
Personal name Antonelli, Paola.
9 (RLIN) 3723
700 1# - ADDED ENTRY--PERSONAL NAME
Personal name Astori, Elisa.
9 (RLIN) 3724
856 40 - ELECTRONIC LOCATION AND ACCESS
Materials specified Amazon.com
Uniform Resource Identifier <a href="http://www.amazon.com/exec/obidos/ASIN/0714843970/chopaconline-20">http://www.amazon.com/exec/obidos/ASIN/0714843970/chopaconline-20</a>
942 ## - ADDED ENTRY ELEMENTS (KOHA)
Institution code [OBSOLETE] SADA
Koha item type Book
Call number prefix 745.2092 NII 2006
Source of classification or shelving scheme
Holdings
Withdrawn status Lost status Source of classification or shelving scheme Damaged status Not for loan Permanent Location Current Location Date acquired Total Checkouts Total Renewals Full call number Barcode Date last seen Date last checked out Cost, replacement price Price effective from Koha item type
          School of Art Design and Architecture (SADA) School of Art Design and Architecture (SADA) 05/20/2011 1 1 745.2092 NII 2006 SADA0001065 02/16/2015 11/24/2014 4918.00 08/05/2011 Book
© 2023 Central Library, National University of Sciences and Technology. All Rights Reserved.